|
|
|
|
| LEADER |
00972nam a22002537a 4500 |
| 001 |
32505 |
| 003 |
BD-DhAAL |
| 005 |
20240929110809.0 |
| 008 |
171130t1993 bg a|||| |||| 00| 0 eng d |
| 040 |
|
|
|a BD-DhAAL
|c BD-DhAAL
|
| 082 |
|
|
|2 22
|a 338.095492
|
| 245 |
|
|
|a Research reports.
|p (1993) :
|b economic studies,
|n Volume VII.
|
| 260 |
|
|
|a Dhaka :
|
| 264 |
|
|
|a Dhaka :
|b Bangladesh Rural Advancement Committee (BRAC),
|c 1993.
|
| 300 |
|
|
|a 349 pages :
|b illustrations ;
|c 30 cm.
|
| 504 |
|
|
|a Includes bibliographical references
|
| 541 |
|
|
|e 32505
|a RED, BRAC
|
| 610 |
|
|
|a BRAC
|9 14405
|
| 651 |
|
|
|a Bangladesh
|x Economic condition
|9 24144
|
| 710 |
|
|
|a BRAC
|9 14405
|
| 852 |
|
|
|a Ayesha Abed Library
|c BRAC Resource Section
|
| 942 |
|
|
|2 ddc
|c BK
|
| 999 |
|
|
|c 38774
|d 38774
|
| 952 |
|
|
|0 0
|1 0
|2 ddc
|4 0
|6 338_095492000000000_RES
|7 1
|8 RPT
|9 62196
|a BRACUL
|b BRACUL
|c BRS
|d 2017-12-07
|e RED, BRAC
|l 0
|o 338.095492 RES
|p 3010032505
|r 2017-12-07
|t 1
|w 2017-12-07
|y BK
|x RED, BRAC; Price not available in register.
|